Zborník anotácií študentských vedeckých odborných prác celoakademického kola

Podrobná bibliografia
Ďalší autori: Harnádek, Michal (Zostavovateľ, kompilátor)
Médium: Kniha
Jazyk:slovenčina
Fyzický popis:163 s. 21 cm
Vydavateľské údaje: Liptovský Mikuláš Vojenská akadémia 2001
ISBN:808040156X
Predmet:

MARC

LEADER 00000cam a2200000 a 4500
001 vtls001432357
003 SK-MaSNL
005 20260302001921.0
008 240226s2001 xo fr 100 0 slo
015 |a SNBA2002/08-02684 
020 |a 808040156X 
035 |a SNK000387414 
035 |a urn:nbn:sk:snk-amk43z 
035 |a urn:nbn:sk:snk-am0056c1 
035 |a EA5B3758-1D0A-4997-B1A7-FD29B8EB27E1 
040 |a SNK  |b slo  |c SNK  |e AACR2 
041 0 |a slo 
044 |a xo  |c SK 
080 |a 355/359(082)=00  |2 1981 
245 0 0 |a Zborník anotácií študentských vedeckých odborných prác celoakademického kola  |c [zostavil: Michal Harnádek] 
260 |a Liptovský Mikuláš  |b Vojenská akadémia  |c 2001 
300 |a 163 s.  |c 21 cm 
500 |a Čiastočný text angl., čes.a poľ. 
500 |a Údaj o zodpovednosti prebratý z tiráže 
500 |a 100 výt. 
504 |a Bibliogr. odkazy 
650 0 7 |a vojenstvo  |x práce vedecké študentské  |x anotácie  |x zborníky  |2 SNK  |9 294159 
655 7 |a zborníky konferencií  |2 SNKPH  |9 70153 
700 1 |a Harnádek, Michal  |4 com  |9 301787 
919 |a 80-8040-156-X 
958 |a TL 
958 |a NB 
958 |a ZB 
999 |c 985877  |d 987807 
952 |t P60, <03>, [BOOK], {603}  |a SNK  |b SNK  |y PREZ  |7 0  |p 17A0340183  |o snkSC 107681  |i snkKSP 4290/2002  |0 0  |1 0  |4 0  |d 2002-04-16  |f 1  |l 0  |r 2025-09-29 00:00:00  |w 2026-02-24 
952 |t P60, <04>, [BOOK], {604}  |a SNK  |b SNK  |y VYP  |7 0  |p 17A0340184  |o snkSC 107681 D1  |i snkKSP 4291/2002  |0 0  |1 0  |4 0  |d 2002-04-16  |l 0  |r 2005-01-02 00:00:00  |w 2026-02-24